日本の市(九州地方) - Statistics

General Stats
  • This quiz has been taken 61 times
  • The average score is 95 of 119
Answer Stats
Hint Answer % Correct
福岡県 福岡市 1,612,392
100%
福岡県 北九州市 939,029
100%
熊本県 熊本市 738,865
100%
鹿児島県 鹿児島市 593,128
100%
大分県 大分市 475,614
100%
長崎県 長崎市 409,118
100%
宮崎県 宮崎市 401,339
100%
福岡県 久留米市 303,316
100%
長崎県 佐世保市 243,223
100%
佐賀県 佐賀市 233,301
100%
宮崎県 都城市 160,640
100%
宮崎県 延岡市 118,394
100%
沖縄県 那覇市 317,625
97%
沖縄県 沖縄市 142,752
97%
長崎県 諫早市 133,852
97%
福岡県 大牟田市 111,281
97%
熊本県 八代市 123,067
94%
佐賀県 唐津市 117,373
94%
大分県 別府市 115,321
94%
鹿児島県 薩摩川内市 92,403
94%
熊本県 天草市 75,783
94%
宮崎県 日向市 59,629
94%
鹿児島県 志布志市 29,329
94%
長崎県 対馬市 28,502
94%
熊本県 阿蘇市 24,930
94%
沖縄県 うるま市 125,303
90%
鹿児島県 霧島市 123,135
90%
佐賀県 鳥栖市 74,196
90%
宮崎県 日南市 50,848
90%
熊本県 水俣市 23,557
90%
長崎県 大村市 95,397
87%
大分県 中津市 82,863
87%
福岡県 行橋市 71,426
87%
沖縄県 名護市 63,554
87%
大分県 日田市 62,657
87%
福岡県 筑後市 48,827
87%
佐賀県 武雄市 47,914
87%
福岡県 田川市 46,203
87%
鹿児島県 南九州市 33,080
87%
佐賀県 嬉野市 25,848
87%
鹿児島県 枕崎市 20,033
87%
福岡県 春日市 111,023
84%
福岡県 大野城市 102,085
84%
福岡県 糸島市 98,877
84%
大分県 佐伯市 66,851
84%
熊本県 玉名市 64,292
84%
福岡県 直方市 56,212
84%
佐賀県 伊万里市 52,629
84%
長崎県 島原市 43,338
84%
長崎県 五島市 34,391
84%
沖縄県 浦添市 115,690
81%
鹿児島県 鹿屋市 101,096
81%
福岡県 太宰府市 73,164
81%
沖縄県 宮古島市 52,931
81%
沖縄県 石垣市 47,637
81%
宮崎県 小林市 43,670
81%
鹿児島県 奄美市 41,390
81%
鹿児島県 指宿市 39,011
81%
鹿児島県 南さつま市 32,887
81%
熊本県 人吉市 31,108
81%
長崎県 壱岐市 24,948
81%
大分県 豊後高田市 22,112
81%
鹿児島県 姶良市 76,348
77%
福岡県 八女市 60,608
77%
大分県 宇佐市 52,771
77%
長崎県 南島原市 42,330
77%
大分県 豊後大野市 33,695
77%
長崎県 平戸市 29,365
77%
大分県 杵築市 27,999
77%
鹿児島県 いちき串木野市 27,490
77%
大分県 国東市 26,232
77%
熊本県 上天草市 24,563
77%
福岡県 筑紫野市 103,311
74%
福岡県 福津市 67,033
74%
沖縄県 糸満市 61,007
74%
熊本県 荒尾市 50,832
74%
福岡県 朝倉市 50,273
74%
熊本県 菊池市 46,416
74%
熊本県 宇土市 36,122
74%
宮崎県 えびの市 17,638
74%
宮崎県 串間市 16,822
74%
鹿児島県 西之表市 14,708
74%
福岡県 飯塚市 126,364
71%
沖縄県 宜野湾市 100,125
71%
福岡県 宗像市 97,095
71%
沖縄県 豊見城市 64,612
71%
福岡県 柳川市 64,475
71%
長崎県 雲仙市 41,096
71%
大分県 臼杵市 36,158
71%
大分県 由布市 32,772
71%
福岡県 うきは市 27,981
71%
福岡県 豊前市 24,391
71%
長崎県 松浦市 21,271
71%
大分県 津久見市 16,100
71%
鹿児島県 垂水市 13,819
71%
熊本県 宇城市 57,032
68%
鹿児島県 出水市 51,994
68%
熊本県 山鹿市 49,025
68%
沖縄県 南城市 44,043
68%
福岡県 大川市 32,988
68%
佐賀県 鹿島市 27,892
68%
鹿児島県 伊佐市 24,453
68%
鹿児島県 阿久根市 19,270
68%
熊本県 合志市 61,772
65%
鹿児島県 曽於市 33,310
65%
佐賀県 神埼市 31,022
65%
長崎県 西海市 26,275
65%
福岡県 古賀市 58,786
61%
福岡県 那珂川市 50,112
61%
宮崎県 西都市 28,610
61%
大分県 竹田市 20,332
61%
福岡県 小郡市 59,360
58%
福岡県 中間市 40,362
58%
福岡県 みやま市 35,861
58%
福岡県 宮若市 26,298
58%
佐賀県 多久市 18,295
58%
佐賀県 小城市 43,952
55%
福岡県 嘉麻市 35,473
48%
鹿児島県 日置市 47,153
45%
No matching quizzes found
Score Distribution
Percent of People with Each Score
Percentile by Number Answered
Your Score History
You have not taken this quiz